000
00287nam a2200121Ia 4500
008
190216s9999||||xx |||||||||||||| ||und||
100
_a
Manish Kumar
245
0
_a
Hindi - Lauhpurush Sardar Bhalla Bhbhai Patel
260
_b
Grami
_c
2007
300
_a
80
650
_a
Hindi
942
_c
BK
999
_c
16454
_d
16454